000 00819nam a2200253Ia 4500
003 OSt
005 20220923225224.0
006 a|||||r|||| 00| 0
007 ta
008 Pun
020 _c200
024 _a260,608
037 _b556, 14/12/2011, H.K. Prakashan
_cTextual
040 _aARTS
_cARTS
_bPun
041 _2Pun
_aPun
082 _aP153, 153Q0
245 0 _aਭਾFਾ ਵਿਗਿਆਨ ਪੰਜਾਬੀ ਭਾFਾ ਤੇ ਗੁਰਮੁਖੀ ਲਿਪੀ
260 _aਜਲੰਧਰ
_b ਸੰੁਦਰ ਬੁੱਕ ਡਿਪੋ
_c2010
300 _a188ਪੰ
_ccm.
490 _aਸੰਦਰ ਸਾਹਿਤ ਆਲੋਚਨਾ ਲੜੀ
650 _aਪੰਜਾਬੀ ਭਾFਾ
942 _hP153, 153Q0
_cTEXL
_2CC
999 _c376803
_d376803